000 00502nam a22001817a 4500
003 NUST - PNEC
005 20170116181058.0
008 150907b xxu||||| |||| 00| 0 eng d
020 _a8120327527
040 _cLIBRARY
082 _a621.395 WAK
100 _99009
_aWakerly, John F.
245 _aDigital design : principles and practices
_cJohn F. Wakerly
250 _a3rd ed.
260 _cc 2006
650 _99010
_aDigital integrated circuits--Design and construction
_xEL
942 _2ddc
_cBK
999 _c68633
_d68633